China: 10 größte Städte - Statistiken

Allgemein
  • Dieses Quiz wurde 556 mal gespielt
  • Das Durchschnittsergebnis liegt bei 6 aus 10
Antwortstatistiken
Nummer Einwohner Stadt % Korrekt
2 19.000.000 Peking
99%
10 9.300.000 Xi’an
98%
1 22.000.000 Shanghai
92%
4 16.000.000 Guangzhou
63%
7 10.000.000 Wuhan
63%
3 17.000.000 Shenzhen
54%
9 9.500.000 Chongqing
45%
5 14.000.000 Chengdu
43%
6 11.000.000 Tianjin
36%
8 9.600.000 Dongguan
7%
Keine übereinstimmenden Quizze gefunden
Verteilung der Resultate
Anzahl Personen mit jedem Resultat
Perzentil nach korrekt beantworteten Fragen
Ihre Resultats-Entwicklung
Sie haben dieses Quiz noch nicht gespielt